000 005410000a22001810004500
003 MACL
005 20160405154524.0
008 160405b xxu||||| |||| 00| 0 eng d
040 _aMACL
_cMACL
041 _aHindi
082 _a370
100 _aआचार्य रामचन्‍द्र शुक्‍ल
_950610
245 _aआदर्श शिक्षा
260 _aइलाहाबाद
_bमिश्रा बुक डिपो
_c2012
350 _a90
650 _aEducation
_950611
942 _cHIN
_k370
_2ddc
999 _c47837
_d47837